• 首页
  • 本馆介绍
  • 公告通知
  • 最新文献
  • 馆藏检索
  • 电子资源
  • 读者导购
  • 参考咨询
  • 我的图书馆
  • 登录
  • 详细信息显示
  • 放入我的书架
  • 预约/预借图书
  • 作者相关作品
  • 分类相关作品
  • 丛书相关作品
  • 出版社相关作品

书目信息

  • 表格格式
  • 工作单格式
  • 卡片格式
题名:
现代诗韵
    
 
作者: 秦似 编著
分册:  
出版信息: 南宁   广西人民出版社  1979
页数: 582页
开本: 13cm
丛书名:
单 册:
中图分类: I207.21 , H11
科图分类:
主题词: 诗律--中国 , 汉语--语音 , 汉语--音韵学
电子资源:
ISBN:
000 00626nam0 2200253 45
001 1574120548
005 20150207203659.00
010    @b塑装@dCNY1.00
091    @aCN@b9113.11
100    @a19950718d1979 em y0chiy0121 ea
101 0  @achi
102    @aCN@b450000
105    @ay z 000zy
200 10 @a现代诗韵@Axian dai shi yun@f秦似编著
210    @a南宁@c广西人民出版社@d1979
215    @a582页@d13cm
606    @a诗律@y中国
606 0  @a汉语@x语音
606 0  @a汉语@x音韵学
690    @aI207.21@v3
690    @aH11@v4
701  0 @a秦似@Aqin si@4编著
801  0 @aCN@bTSSF@c20150207
905    @aZUCC@dH11@eJY11
    
    现代诗韵/秦似编著.-南宁:广西人民出版社,1979
    582页;13cm
    
    
    ISBN (塑装):CNY1.00
    
●
相关链接 在E读中查询图书 在五车中查询图书 在当当中查询图书 在豆瓣中查询图书


正题名:现代诗韵     索取号:H11/JY11         预约/预借

序号 登录号 条形码 馆藏地/架位号 状态 备注
1 7842625   278426259   学院路分馆/ [索取号:H11/JY11] 在馆    
2 7842626   278426268   学院路分馆/ [索取号:H11/JY11] 在馆    
3 7842627   278426277   学院路分馆/ [索取号:H11/JY11] 在馆    
4 7842628   278426286   学院路分馆/ [索取号:H11/JY11] 在馆    
5 7842629   278426295   学院路分馆/ [索取号:H11/JY11] 在馆    
6 7842630   278426302   学院路分馆/ [索取号:H11/JY11] 在馆    
唐山师范学院图书馆 欢迎您!
大连网信软件有限公司© 版权所有